Statistiche per Top 20 Presenze Napoli All-Time

Clicka qui per fare il quiz!

Statistiche generali

  • Questo quiz è stato fatto 71 volte
  • Il punteggio medio è 9 su 20

Statistiche sulle risposte

PresenzeNazioneStagioni al NapoliCalciatore% Corretto
397Belgio2013–2022Dries Mertens
100%
520Slovacchia2007–2019Marek Hamšík
100%
434Italia2009–2010
2012–2022
Lorenzo Insigne
98%
317Francia/Senegal2014–2022Kalidou Koulibaly
95%
259Argentina1984–1991Diego Armando Maradona
94%
305Polonia2016-Piotr Zieliński
89%
349Spagna2013–2020José Callejon
88%
322Italia1984–1994Ciro Ferrara
64%
308Italia2008–2018Christian Maggio
58%
278Italia1998–1999
2006–2013
Paolo Cannavaro
50%
511Italia1972–1988Giuseppe Bruscolotti
38%
266Paraguay/Italia1926–1937Attila Sallustro
9%
508Italia1962–1978Antonio Juliano
8%
258Italia1978–1985Luciano Castellini
3%
396Italia1977–1988Moreno Ferrario
3%
275Italia1938–1943
1949–1955
Bruno Gramaglia
2%
270Italia1928–1938Carlo Buscaglia
2%
262Italia1964–1973Dino Panzanato
2%
263Italia1967–1977Luigi Pogliana
2%
261Italia1953–1961Ottavio Bugatti
2%

Distribuzione punteggi

Percentile per numero di risposta

Percentuale di utenti per punteggio

I tuoi punteggi nel tempo

Non hai fatto questo quiz